[Event "POL-chT 2nd League"]
[Site "Jastrzebia Gora"]
[Date "2023.09.02"]
[Round "1.101"]
[White "Basiaga, Sebastian"]
[Black "Jankowski, Aleksander"]
[Result "0-1"]
[WhiteElo "1856"]
[BlackElo "1679"]
[PlyCount "150"]
[EventDate "2023.09.02"]
[EventType "team-swiss"]
[EventRounds "9"]
[EventCountry "POL"]
[SourceTitle "EXT 2024"]
[Source "ChessBase"]
[SourceDate "2023.10.10"]
[SourceVersion "1"]
[SourceVersionDate "2023.10.10"]
[SourceQuality "1"]
[WhiteTeam "Bialoleka Sparta"]
[BlackTeam "Wroclaw Hetman"]
[WhiteTeamCountry "POL"]
[BlackTeamCountry "POL"]

1. e4 c5 2. Nf3 Nc6 3. Bb5 g6 4. 0-0 Bg7 5. c3 e5 6. d3 Nge7 7. a4 0-0 8. Be3 d6 9. h3 f5 10. exf5 gxf5 11. Bg5 Kh8 12. Nh4 f4 13. Qh5 Qe8 14. Qxe8 Rxe8 15. Bxe7 Rxe7 16. Nd2 Bf6 17. Nhf3 Rg7 18. Kh2 Bf5 19. Ne4 Be7 20. Bc4 Rg6 21. Bd5 Rd8 22. Rfe1 Be6 23. Bxe6 Rxe6 24. Neg5 Bxg5 25. Nxg5 Re7 26. Ne4 b6 27. Nd2 Rg8 28. Re2 Reg7 29. Rg1 Re7 30. Rge1 Rge8 31. g3 fxg3+ 32. fxg3 Rf8 33. Kg2 Ref7 34. Rf1 Rxf1 35. Nxf1 Kg7 36. Ne3 Kf7 37. Rf2+ Ke8 38. Rf5 Rxf5 39. Nxf5 Kd7 40. Kf3 Ke6 41. g4 d5 42. h4 a6 43. Ng3 b5 44. axb5 axb5 45. Ne2 b4 46. cxb4 Nxb4 47. Ke3 Nc6 48. Kf3 Na5 49. Nc3 c4 50. dxc4 Nxc4 51. b4 Nd6 52. Ne2 d4 53. Nc1 Kd5 54. g5 e4+ 55. Kf2 Kc4 56. h5 Nf7 57. g6 hxg6 58. hxg6 Nh6 59. g7 Kxb4 60. Ke2 Kc3 61. Kd1 d3 62. Na2+ Kd4 63. Nc1 e3 64. Na2 Ng8 65. Nb4 Kc4 66. Na2 Nf6 67. Nc1 Kd4 68. Nb3+ Kc3 69. Nc1 Ng8 70. Na2+ Kd4 71. Nc1 Ke4 72. Nb3 Nf6 73. Ke1 Kf3 74. Kf1 d2 75. Nd4+ Ke4 0-1

[Event "Wroclaw Black Horse op-B 1st"]
[Site "Wroclaw"]
[Date "2023.02.20"]
[Round "5"]
[White "Kaczmarska, Joanna"]
[Black "Jankowski, Aleksander"]
[Result "1/2-1/2"]
[WhiteElo "1908"]
[BlackElo "1711"]
[PlyCount "136"]
[EventDate "2023.02.18"]
[EventType "swiss"]
[EventRounds "10"]
[EventCountry "POL"]
[SourceTitle "EXT 2024"]
[Source "ChessBase"]
[SourceDate "2023.10.10"]
[SourceVersion "1"]
[SourceVersionDate "2023.10.10"]
[SourceQuality "1"]

1. e4 c5 2. Nc3 Nc6 3. g3 e5 4. Bg2 d6 5. d3 g6 6. f4 Bg7 7. Nf3 Nge7 8. 0-0 0-0 9. f5 gxf5 10. Nh4 f4 11. gxf4 Ng6 12. Nf5 Bxf5 13. exf5 Nxf4 14. Bxf4 exf4 15. Qg4 Kh8 16. f6 Bxf6 17. Rxf4 Be5 18. Rf5 Nd4 19. Rh5 Rg8 20. Qh3 Rg7 21. Kh1 Qc8 22. Qh4 Qg4 23. Rxh7+ Rxh7 24. Qxg4 Rxh2+ 25. Kg1 Rg8 26. Qe4 Rgxg2+ 27. Qxg2 Rxg2+ 28. Kxg2 Nxc2 29. Rg1 Nb4 30. Kf3 Nxd3 31. Ne4 Nxb2 32. Rb1 b6 33. Nxd6 Bxd6 34. Rxb2 Kg7 35. Ke4 f6 36. Rd2 Be5 37. Rd7+ Kg6 38. Rxa7 Bc3 39. Ra3 f5+ 40. Kd5 Bb4 41. Rg3+ Kf6 42. Rg8 Ba5 43. Rb8 Kg5 44. Ke5 Bc3+ 45. Ke6 Ba5 46. Rg8+ Kf4 47. Rf8 Ke4 48. Rxf5 Kd4 49. Rf4+ Kc3 50. Kd5 Kb2 51. Ra4 Kc3 52. Kc6 Kb2 53. Kb5 Kc3 54. Rh4 Kb2 55. Rh2+ Kc3 56. Rh3+ Kb2 57. a4 Kc2 58. Kc4 Kb2 59. Rh2+ Ka3 60. Rh1 Kb2 61. Rh3 Ka2 62. Rb3 Bb4 63. Rh3 Ba5 64. Rb3 Bb4 65. Rxb4 cxb4 66. Kxb4 Kb2 67. Kb5 Kb3 68. Kxb6 Kxa4 1/2-1/2

[Event "Polanica Zdroj op-B 58th"]
[Site "Polanica Zdroj"]
[Date "2022.08.19"]
[Round "7"]
[White "Jankowski, Aleksander"]
[Black "Mocko, Maciej"]
[Result "1-0"]
[WhiteElo "1715"]
[BlackElo "1525"]
[PlyCount "82"]
[EventDate "2022.08.13"]
[EventType "swiss"]
[EventRounds "9"]
[EventCountry "POL"]
[SourceTitle "CBM 210 Extra"]
[Source "ChessBase"]
[SourceDate "2022.11.30"]
[SourceVersion "1"]
[SourceVersionDate "2022.11.30"]
[SourceQuality "1"]

1. d4 f5 2. c4 g6 3. Nc3 Bg7 4. Nf3 d6 5. e3 Nf6 6. Be2 0-0 7. 0-0 c6 8. b4 Qe8 9. Bb2 e5 10. dxe5 dxe5 11. c5 Qe7 12. Qc2 a5 13. a3 Na6 14. Bc4+ Kh8 15. Qb3 h6 16. Na4 e4 17. Nd4 axb4 18. axb4 Nc7 19. Nb6 Rxa1 20. Rxa1 Ng4 21. h3 Ne5 22. Ra7 Qg5 23. Nxc8 Nf3+ 24. Nxf3 exf3 25. Bxg7+ Kxg7 26. g3 Rxc8 27. Rxb7 Qd8 28. Qc3+ Qf6 29. Qd2 Rd8 30. Rxc7+ Kh8 31. Rd7 Ra8 32. Qd4 Ra1+ 33. Bf1 Qxd4 34. exd4 Rb1 35. Rd6 Rxb4 36. Rxg6 Rxd4 37. Rxh6+ Kg7 38. Rxc6 Rd1 39. Rc8 Rc1 40. c6 Kh7 41. c7 Kg7 1-0

[Event "Polanica Zdroj op-B 58th"]
[Site "Polanica Zdroj"]
[Date "2022.08.18"]
[Round "6"]
[White "Owoc, Jakub"]
[Black "Jankowski, Aleksander"]
[Result "1-0"]
[WhiteElo "1756"]
[BlackElo "1715"]
[PlyCount "81"]
[EventDate "2022.08.13"]
[EventType "swiss"]
[EventRounds "9"]
[EventCountry "POL"]
[SourceTitle "CBM 210 Extra"]
[Source "ChessBase"]
[SourceDate "2022.11.30"]
[SourceVersion "1"]
[SourceVersionDate "2022.11.30"]
[SourceQuality "1"]

1. e4 c5 2. c3 d5 3. exd5 Qxd5 4. d4 Nc6 5. Nf3 Bf5 6. Be3 Bxb1 7. Rxb1 cxd4 8. Nxd4 Nxd4 9. Qxd4 Qxd4 10. Bxd4 a6 11. Be2 Nf6 12. Bf3 0-0-0 13. 0-0 e6 14. b4 Nd5 15. a3 Be7 16. Bxg7 Rhg8 17. Be5 Rg5 18. Bg3 f5 19. c4 Nf6 20. Rfe1 Ne4 21. Bxe4 fxe4 22. Rxe4 Rg6 23. Kf1 Rd3 24. Re3 Rd4 25. c5 Bg5 26. Rc3 h5 27. Be5 Rd5 28. f4 Be7 29. Rc2 Rd3 30. a4 Ra3 31. c6 b5 32. axb5 axb5 33. c7 Ra4 34. Rd2 Rg8 35. Rbd1 Ra8 36. Rd7 Re8 37. Rxe7 Rxe7 38. Rd8+ Kb7 39. Rxa8 Kxa8 40. c8Q+ Ka7 41. Qc5+ 1-0

[Event "Wroclaw op-A"]
[Site "Wroclaw"]
[Date "2022.08.05"]
[Round "7"]
[White "Mencfel, Artur"]
[Black "Jankowski, Aleksander"]
[Result "1-0"]
[WhiteElo "1668"]
[BlackElo "1715"]
[PlyCount "49"]
[EventDate "2022.07.31"]
[EventType "swiss"]
[EventRounds "9"]
[EventCountry "POL"]
[SourceTitle "CBM 209 Extra"]
[Source "ChessBase"]
[SourceDate "2022.09.30"]
[SourceVersion "1"]
[SourceVersionDate "2022.09.30"]
[SourceQuality "1"]

1. d4 Nf6 2. Nf3 e6 3. Bg5 b6 4. e4 Be7 5. Nc3 h6 6. Bf4 d5 7. Bd3 Ba6 8. 0-0 Bxd3 9. Qxd3 0-0 10. Ne5 Bd6 11. Rad1 dxe4 12. Nxe4 Nd5 13. Bc1 Nd7 14. Qg3 Kh7 15. c4 Ne7 16. Nxd6 cxd6 17. Ng4 d5 18. b3 dxc4 19. bxc4 Ng6 20. d5 exd5 21. Rxd5 Qe7 22. Qh3 Qe6 23. Rxd7 f5 24. Qxh6+ Kg8 25. Qxg7# 1-0

[Event "Polanica Zdroj op-C 56th"]
[Site "Polanica Zdroj"]
[Date "2020.08.16"]
[Round "2"]
[White "Jankowski, Aleksander"]
[Black "Kawalko, Adam"]
[Result "0-1"]
[WhiteElo "1692"]
[BlackElo "1950"]
[PlyCount "30"]
[EventDate "2020.08.15"]
[EventType "swiss"]
[EventRounds "9"]
[EventCountry "POL"]
[SourceTitle "CBM 198 Extra"]
[Source "ChessBase"]
[SourceDate "2020.11.30"]
[SourceVersion "1"]
[SourceVersionDate "2020.11.30"]
[SourceQuality "1"]

1. d4 Nf6 2. c4 e6 3. Nf3 c5 4. g3 cxd4 5. Nxd4 Bb4+ 6. Bd2 Be7 7. Bg2 0-0 8. Nc3 Nc6 9. Bf4 Nh5 10. Be3 a6 11. 0-0 f5 12. Na4 Ne5 13. Qc1 Qc7 14. Rd1 Nf3+ 15. Bxf3 f4 0-1

[Event "Rubinstein Memorial-A 54th"]
[Site "Polanica Zdroj"]
[Date "2018.08.24"]
[Round "7"]
[White "Jankowski, Aleksander"]
[Black "Jedynak, January"]
[Result "0-1"]
[WhiteElo "1728"]
[BlackElo "1827"]
[PlyCount "74"]
[EventDate "2018.08.18"]
[EventType "swiss"]
[EventRounds "9"]
[EventCountry "POL"]
[SourceTitle "CBM 186 Extra"]
[Source "ChessBase"]
[SourceDate "2018.08.24"]
[SourceVersion "1"]
[SourceVersionDate "2018.08.24"]
[SourceQuality "1"]

1. e4 e5 2. Nf3 Nf6 3. Nxe5 d6 4. Nf3 Nxe4 5. Nc3 Nxc3 6. dxc3 Be7 7. Be3 0-0 8. Qd2 b6 9. 0-0-0 Bb7 10. Bd3 Nd7 11. h4 Nc5 12. Bxc5 bxc5 13. Qe2 h6 14. Rdg1 Re8 15. Qd1 Rb8 16. g4 Bxf3 17. Qxf3 Bxh4 18. Kb1 Qf6 19. Qh3 Bg5 20. b3 Re5 21. f4 Qxf4 22. Rf1 Qe3 23. Qh5 g6 24. Bxg6 fxg6 25. Qxg6+ Kh8 26. a4 Re6 27. Qf5 Qe5 28. Qf7 Rbe8 29. Rf5 Qxc3 30. Rff1 Re1+ 31. Rxe1 Rxe1+ 32. Rxe1 Qxe1+ 33. Ka2 Qe7 34. Qf3 Bf6 35. Qa8+ Kg7 36. Qxa7 Qe5 37. Qxc7+ Kg6 0-1

[Event "Rubinstein Memorial-A 54th"]
[Site "Polanica Zdroj"]
[Date "2018.08.22"]
[Round "5"]
[White "Jankowski, Aleksander"]
[Black "Vanduyfhuys, Igor"]
[Result "1-0"]
[WhiteElo "1728"]
[BlackElo "1687"]
[PlyCount "65"]
[EventDate "2018.08.18"]
[EventType "swiss"]
[EventRounds "9"]
[EventCountry "POL"]
[SourceTitle "CBM 186 Extra"]
[Source "ChessBase"]
[SourceDate "2018.08.24"]
[SourceVersion "1"]
[SourceVersionDate "2018.08.24"]
[SourceQuality "1"]

1. e4 c5 2. Nc3 Nc6 3. f4 d6 4. Bb5 Bd7 5. Nf3 e6 6. 0-0 Be7 7. d3 a6 8. Bxc6 Bxc6 9. Ne2 Nf6 10. Ng3 0-0 11. f5 Nd7 12. Qe2 e5 13. Bd2 d5 14. Bc3 d4 15. Bd2 Bh4 16. Nh1 Rc8 17. g4 Be7 18. g5 f6 19. Qg2 Re8 20. h4 c4 21. h5 fxg5 22. Nxg5 Nf8 23. h6 g6 24. fxg6 Nxg6 25. Rf7 Bxg5 26. Rg7+ Kh8 27. Bxg5 Qd6 28. Ng3 Rf8 29. Nh5 cxd3 30. cxd3 Ba4 31. Rf1 Nf4 32. Bxf4 exf4 33. Rxh7+ 1-0

[Event "Rubinstein Memorial-A 54th"]
[Site "Polanica Zdroj"]
[Date "2018.08.18"]
[Round "1"]
[White "Jankowski, Aleksander"]
[Black "Mazalon, Mariusz"]
[Result "1/2-1/2"]
[WhiteElo "1728"]
[BlackElo "2055"]
[PlyCount "105"]
[EventDate "2018.08.18"]
[EventType "swiss"]
[EventRounds "9"]
[EventCountry "POL"]
[SourceTitle "CBM 186 Extra"]
[Source "ChessBase"]
[SourceDate "2018.08.24"]
[SourceVersion "1"]
[SourceVersionDate "2018.08.24"]
[SourceQuality "1"]

1. e4 c5 2. Nc3 a6 3. a4 e6 4. f4 d5 5. d3 dxe4 6. dxe4 Qxd1+ 7. Nxd1 Nf6 8. Nc3 Nc6 9. Bd2 Nd4 10. 0-0-0 Bd7 11. Nf3 Bc6 12. Be3 Nxf3 13. gxf3 Be7 14. Rg1 g6 15. Bh3 0-0 16. f5 exf5 17. Bxf5 Rfd8 18. Bh3 b5 19. Rxd8+ Rxd8 20. axb5 axb5 21. Ne2 Ra8 22. Rd1 Kf8 23. Bf4 Ke8 24. Bf1 g5 25. Bg3 b4 26. Kb1 h5 27. Nc1 g4 28. fxg4 hxg4 29. e5 Ne4 30. Be2 Bg5 31. Nb3 Bd7 32. Bd3 Nxg3 33. hxg3 Be3 34. Nd2 Bxd2 35. Rxd2 Ke7 36. Be2 Be6 37. Rd6 Rh8 38. b3 Rh5 39. Rd3 Rxe5 40. Bd1 Bf5 41. Rd2 Re1 42. Re2+ Rxe2 43. Bxe2 Kd6 44. Kc1 Ke5 45. Kd2 Kd4 46. Ba6 Be4 47. Bc8 f5 48. Bd7 Ke5 49. c3 f4 50. gxf4+ Kxf4 51. cxb4 cxb4 52. Bxg4 Kxg4 53. Ke3 1/2-1/2

[Event "Polanica Zdroj op-B 48th"]
[Site "Polanica Zdroj"]
[Date "2012.08.20"]
[Round "3"]
[White "Rozycki, Bartlomiej"]
[Black "Jankowski, Aleksander"]
[Result "1-0"]
[WhiteElo "1971"]
[BlackElo "1721"]
[PlyCount "57"]
[EventDate "2012.08.18"]
[EventType "swiss"]
[EventRounds "9"]
[EventCountry "POL"]
[SourceTitle "EXT 2014"]
[Source "ChessBase"]
[SourceDate "2013.11.20"]
[SourceVersion "1"]
[SourceVersionDate "2013.11.20"]
[SourceQuality "1"]

1. e4 e6 2. d4 d5 3. exd5 exd5 4. Nf3 Bd6 5. c4 c6 6. Nc3 Ne7 7. Bd3 dxc4 8. Bxc4 0-0 9. 0-0 Bg4 10. h3 Bh5 11. Bg5 Nd7 12. g4 Bg6 13. Ne5 Nb6 14. Bb3 Kh8 15. Nxg6+ fxg6 16. Ne4 Bf4 17. Bxf4 Rxf4 18. Ng5 Qxd4 19. Qe2 Qf6 20. Nf7+ Kg8 21. g5 Qd4 22. Qxe7 Nd5 23. Qxb7 Rf8 24. Qxc6 Ne3 25. fxe3 Qxe3+ 26. Kh2 Rf2+ 27. Rxf2 Qxf2+ 28. Qg2 Qf4+ 29. Kh1 1-0

[Event "Wroclaw Cup-B"]
[Site "Wroclaw"]
[Date "2012.05.02"]
[Round "6"]
[White "Maczka, Miroslawa"]
[Black "Jankowski, Aleksander"]
[Result "0-1"]
[WhiteElo "1585"]
[BlackElo "1690"]
[PlyCount "52"]
[EventDate "2012.04.30"]
[EventType "swiss"]
[EventRounds "9"]
[EventCountry "POL"]
[SourceTitle "EXT 2013"]
[Source "ChessBase"]
[SourceDate "2012.11.22"]
[SourceVersion "1"]
[SourceVersionDate "2012.11.22"]
[SourceQuality "1"]

1. c4 e5 2. Nc3 Nf6 3. e3 Bb4 4. Qc2 Nc6 5. d4 exd4 6. exd4 Nxd4 7. Qd3 Ne6 8. Nf3 d5 9. a3 Bxc3+ 10. Qxc3 d4 11. Qc2 c5 12. Bd3 Qd6 13. 0-0 0-0 14. Re1 Nf4 15. Bxf4 Qxf4 16. Re2 Bg4 17. Kh1 Bxf3 18. gxf3 Qxf3+ 19. Kg1 Rfe8 20. Rae1 g6 21. Re5 b6 22. b4 Rxe5 23. Rxe5 Qf4 24. Re7 Re8 25. Qe2 Rxe7 26. Qxe7 Ng4 0-1

[Event "POL-ch Amateurs"]
[Site "Wroclaw"]
[Date "2011.07.03"]
[Round "6"]
[White "Daleczko, Zbigniew"]
[Black "Jankowski, Aleksander"]
[Result "1-0"]
[WhiteElo "1822"]
[BlackElo "1693"]
[PlyCount "89"]
[EventDate "2011.07.01"]
[EventType "swiss"]
[EventRounds "7"]
[EventCountry "POL"]
[SourceTitle "EXT 2023"]
[Source "ChessBase"]
[SourceDate "2022.10.05"]
[SourceVersion "1"]
[SourceVersionDate "2022.10.05"]
[SourceQuality "1"]

1. e4 e6 2. d4 d5 3. exd5 exd5 4. Bd3 Nc6 5. c3 Bd6 6. Be3 Nge7 7. Qc2 h6 8. Nf3 Bg4 9. Nbd2 Qd7 10. h3 Bh5 11. b4 Bg6 12. a4 Bxd3 13. Qxd3 Ng6 14. 0-0 0-0 15. a5 Nce7 16. Nb3 b6 17. Ra2 b5 18. Re1 a6 19. Bc1 Qf5 20. Qxf5 Nxf5 21. Rae2 f6 22. g3 Kf7 23. h4 Rfe8 24. h5 Nf8 25. g4 Rxe2 26. Rxe2 Ne7 27. Kg2 Nc6 28. Nh4 Re8 29. Rxe8 Kxe8 30. f4 Ne6 31. Kf3 Kf7 32. Be3 Ne7 33. f5 Ng5+ 34. Bxg5 hxg5 35. Ng2 Ke8 36. Ne3 Kd7 37. Nd1 Nc6 38. Nf2 Nb8 39. Nd3 Ke8 40. Nbc5 Kf7 41. Ne6 Kg8 42. Nf2 Nd7 43. Nd1 Kh8 44. Ne3 c6 45. Nd8 1-0

[Event "Polanica Zdroj op-B 45th"]
[Site "Polanica Zdroj"]
[Date "2009.08.27"]
[Round "10"]
[White "Jarus, Grzegorz"]
[Black "Jankowski, Aleksander"]
[Result "1/2-1/2"]
[WhiteElo "1860"]
[BlackElo "1737"]
[PlyCount "30"]
[EventDate "2009.08.18"]
[EventType "swiss"]
[EventRounds "10"]
[EventCountry "POL"]
[SourceTitle "CBM 131 Extra"]
[Source "ChessBase"]
[SourceDate "2009.09.03"]
[SourceVersion "2"]
[SourceVersionDate "2009.09.16"]
[SourceQuality "1"]

1. d4 Nf6 2. c4 g6 3. Nc3 Bg7 4. e4 d6 5. Nf3 0-0 6. Be2 c5 7. 0-0 a6 8. a3 Nc6 9. d5 Nb8 10. Kh1 b5 11. Kg1 Nbd7 12. Kh1 Nb6 13. Kg1 Kh8 14. Kh1 Kg8 15. Kg1 Kh8 1/2-1/2

[Event "Wroclaw Polonia op 3rd"]
[Site "Wroclaw"]
[Date "2008.06.25"]
[Round "7"]
[White "Bes, Michal"]
[Black "Jankowski, Aleksander"]
[Result "1-0"]
[WhiteElo "1951"]
[BlackElo "1805"]
[PlyCount "37"]
[EventDate "2008.06.21"]
[EventType "swiss"]
[EventRounds "9"]
[EventCountry "POL"]
[SourceTitle "CBM 125 Extra"]
[Source "ChessBase"]
[SourceDate "2008.09.01"]
[SourceVersion "1"]
[SourceVersionDate "2008.09.01"]
[SourceQuality "1"]

1. d4 Nf6 2. Nf3 g6 3. Bf4 Bg7 4. Nbd2 d6 5. e4 Nbd7 6. Bd3 c5 7. c3 0-0 8. 0-0 b6 9. Qe2 Bb7 10. Bg3 Nh5 11. d5 Nxg3 12. hxg3 Qc7 13. Ng5 Rac8 14. f4 e6 15. dxe6 fxe6 16. Qg4 Nf6 17. Qh3 e5 18. Ne6 Qe7 19. Nxf8 1-0

[Event "Wroclaw Polonia op 3rd"]
[Site "Wroclaw"]
[Date "2008.06.23"]
[Round "3"]
[White "Ni, Viktorija"]
[Black "Jankowski, Aleksander"]
[Result "1-0"]
[WhiteElo "2132"]
[BlackElo "1805"]
[PlyCount "44"]
[EventDate "2008.06.21"]
[EventType "swiss"]
[EventRounds "9"]
[EventCountry "POL"]
[SourceTitle "CBM 125 Extra"]
[Source "ChessBase"]
[SourceDate "2008.09.01"]
[SourceVersion "1"]
[SourceVersionDate "2008.09.01"]
[SourceQuality "1"]

1. d4 Nf6 2. c4 c5 3. d5 b5 4. cxb5 a6 5. b6 d6 6. a4 a5 7. Nc3 Ba6 8. f4 Nbd7 9. e4 Bxf1 10. Kxf1 Nxb6 11. g3 g6 12. Kg2 Bg7 13. Nf3 0-0 14. Qe2 Qd7 15. Rd1 Rfb8 16. Be3 Qa7 17. e5 Ne8 18. b3 Nc7 19. Bf2 Qa6 20. Ra2 Qxe2 21. Rxe2 Kf8 22. Ne4 Nc8 1-0